Crimes of hate, conspiracy of silence : torture anf ill-treatment based on sexual identity /

Guardat en:
Dades bibliogràfiques
Autor corporatiu: Amnesty international (Autor)
Format: Llibre
Idioma:anglès
Publicat: [London : Amnesty International Publications, 2001
Etiquetes: Afegir etiqueta
Sense etiquetes, Sigues el primer a etiquetar aquest registre!

MARC

LEADER 00000nam a22000007i 4500
001 IT\ICCU\RMB\0771505
003 ItRI
005 20231224111822.0
008 111013s2001 xxk|||||| ||||| |||||c
020 |a 0862103029 
040 |b ita  |c C 
041 7 |a eng  |2 ISO-639-2 
110 2 |a Amnesty international  |0 IT\ICCU\CFIV\002313  |4 aut 
245 0 0 |a Crimes of hate, conspiracy of silence :  |b torture anf ill-treatment based on sexual identity /  |c Amnesty International. 
260 |a [London :  |b Amnesty International Publications,  |c 2001 
300 |a vii, 73 p. :  |b ill. ;  |c 23 cm. 
942 |2 ddc  |c BK 
952 |0 0  |1 0  |2 ddc  |4 0  |6 300_710000000000000_MIC_CRI  |7 1  |9 487  |a GE  |b GE  |d 2023-12-20  |l 0  |o 300.71 MIC CRI  |p 5051  |r 2023-12-24 11:19:13  |w 2023-12-24  |y BK 
981 1 |6 z01  |a i   |b xxxe  
982 1 |6 z01  |a n 
999 |c 403  |d 403